| 000 | 01116nam a2200289 4500 | ||
|---|---|---|---|
| 001 | 0000015976 | ||
| 003 | CO-CtgCURN | ||
| 005 | 20250329164836.0 | ||
| 007 | ta | ||
| 008 | 160627s1995 000 0 eng d | ||
| 020 | _a9589082823 | ||
| 040 |
_aCO-CtgCURN _bspa _ccoctgcurn |
||
| 082 | 0 |
_a720.984 _bA76 |
|
| 245 | 0 | 0 |
_aArquitectura en Bolivia : _buna aproximacion a lo desconocido / _ccompilador y coordinador Gustavo Mereiros Anaya , textos Juvenal Baracco, Monica Guerrero Hung , traducción Patricia Anzola. |
| 260 |
_aBogotá : _bUniAndes Facultad de Arquitectura, _c1995. |
||
| 300 | _a220 p. | ||
| 336 | _2rdacontent | ||
| 337 |
_2rdamedia _asin mediacion _bn |
||
| 338 |
_2rdacarrier _avolumen _bnc |
||
| 490 | 1 |
_aColección somosur ; _v17 |
|
| 505 | 8 | _aRetrospectiva de una arquitectura emergente.--Arquitectos y arquitectura | |
| 650 | 1 | 4 | _aArquitectura Boliviana. |
| 700 | 1 |
_aAnzola, Patricia _aAnzola, Patricia _aHerrero Hung, Monica. _aMereiros Anaya, Gustavo. |
|
| 908 | _a160627 | ||
| 942 |
_cBK _h720.984 _iA76 _2ddc |
||
| 999 |
_c2091 _d2091 |
||